| 000 -LEADER |
| fixed length control field |
00985cam a22002418a 4500 |
| 005 - DATE AND TIME OF LATEST TRANSACTION |
| control field |
20131016080632.0 |
| 008 - FIXED-LENGTH DATA ELEMENTS--GENERAL INFORMATION |
| fixed length control field |
070307s2007 nyuab b 001 0 eng |
| 020 ## - INTERNATIONAL STANDARD BOOK NUMBER |
| International Standard Book Number |
069730809X |
| 041 0# - LANGUAGE CODE |
| Language code of text/sound track or separate title |
eng |
| 080 ## - UNIVERSAL DECIMAL CLASSIFICATION NUMBER |
| Universal Decimal Classification number |
32 |
| 100 1# - Rafti |
| Rafti |
Sodaro, Michael J. |
| 245 10 - TITLE STATEMENT |
| Title |
Comparative politics : |
| Statement of responsibility, etc |
Michael J. Sodaro ; with contributions by Dean W. Collinwood ... [et al.]. |
| 250 ## - |
| -- |
1rd ed. |
| 260 ## - |
| -- |
New York : |
| -- |
McGraw-Hill, |
| -- |
c2001. |
| 300 ## - |
| -- |
869 p. : |
| -- |
ill., maps ; |
| -- |
25 cm. |
| 504 ## - BIBLIOGRAPHY, ETC. NOTE |
| Bibliography, etc |
Includes bibliographical references and index. |
| 650 #0 - |
| -- |
Politika botërore |
| -- |
Textbooks. |
| 700 1# - |
| -- |
Collinwood, Dean Walter |
| 856 41 - |
| -- |
Table of contents only |
| -- |
http://www.loc.gov/catdir/toc/ecip0712/2007009508.html |
| 856 42 - |
| -- |
Publisher description |
| -- |
http://www.loc.gov/catdir/enhancements/fy0712/2007009508-d.html |
| 856 42 - |
| -- |
Contributor biographical information |
| -- |
http://www.loc.gov/catdir/enhancements/fy0737/2007009508-b.html |
| 942 ## - ADDED ENTRY ELEMENTS (KOHA) |
| Source of classification or shelving scheme |
|
| Item type |
Books |